[Event "ch-CHN w"]
[Site "Xinghua Jiangsu CHN"]
[Date "2009.05.26"]
[Round "1"]
[White "Tan Zhongyi"]
[Black "Gu Xiaobing"]
[Result "1-0"]
[WhiteElo "2436"]
[BlackElo "2336"]
[EventDate "2009.05.26"]

1. d4 Nf6 2. c4 g6 3. Nc3 Bg7 4. e4 d6 5. f3 O-O 6. Be3 c5 7. Nge2 Nc6 8.
d5 Ne5 9. Ng3 e6 10. Be2 exd5 11. cxd5 a6 12. a4 Bd7 13. h3 b5 14. O-O Rb8
15. b3 bxa4 16. f4 Rxb3 17. Bd2 Qe7 18. fxe5 Qxe5 19. Rf3 Bb5 20. Bf4 Qe7
21. Rc1 Rb8 22. e5 dxe5 23. Bg5 h6 24. d6 Qe6 25. Bxf6 Bxf6 26. Nge4 Bd8
27. Kh2 Bxe2 28. Qxe2 Kg7 29. Nxc5 Qxd6 30. N3e4 Qe7 31. Nxb3 axb3 32. Qb2
Rb4 33. Re1 Bc7 34. Rxb3 Rxb3 35. Qxb3 f5 36. Nd2 e4+ 37. Kh1 h5 38. Rc1
Qe5 39. Qc3 Qxc3 40. Rxc3 Ba5 41. Rc2 Bb4 42. Nc4 f4 43. Kg1 g5 44. Ra2 g4
45. Rxa6 g3 46. Kf1 h4 47. Re6 e3 48. Ke2 1-0

[Event "ch-CHN w"]
[Site "Xinghua Jiangsu CHN"]
[Date "2009.05.26"]
[Round "1"]
[White "Xu Tong"]
[Black "Zhang Xiaowen"]
[Result "0-1"]
[WhiteElo "2231"]
[BlackElo "2340"]
[EventDate "2009.05.26"]

1. e4 e6 2. d3 d5 3. Nd2 Nf6 4. Ngf3 b6 5. Qe2 Bb7 6. e5 Nfd7 7. g3 c5 8.
Bg2 Nc6 9. O-O g5 10. c4 Qe7 11. Bh3 O-O-O 12. a3 Rg8 13. cxd5 exd5 14. e6
fxe6 15. Qxe6 Qg7 16. Bg4 h5 17. Bxh5 g4 18. Nh4 Nd4 19. Qe1 Ne5 20. f4
Nxd3 21. Qd1 c4 22. Bg6 Bc5 23. Qxg4+ Kb8 24. Kh1 Nc2 25. Ndf3 Nxa1 26. Qe6
Nf2+ 27. Kg2 Bc8 0-1

[Event "ch-CHN w"]
[Site "Xinghua Jiangsu CHN"]
[Date "2009.05.26"]
[Round "1"]
[White "Wang Yu A"]
[Black "Ju Wenjun"]
[Result "1-0"]
[WhiteElo "2364"]
[BlackElo "2454"]
[EventDate "2009.05.26"]

1. e4 c5 2. Nf3 d6 3. d4 cxd4 4. Nxd4 Nf6 5. Nc3 a6 6. Be3 e5 7. Nb3 Be7 8.
Qd2 O-O 9. O-O-O a5 10. a4 Be6 11. f4 Qc8 12. Kb1 Nc6 13. f5 Nxe4 14. Nxe4
Bxf5 15. Ng3 Bg6 16. Bd3 f5 17. h4 Nb4 18. h5 Be8 19. h6 g6 20. Bg5 Bxg5
21. Qxg5 e4 22. Nxe4 fxe4 23. Bxe4 Qc4 24. Rhe1 Rf2 25. Qe7 Rf7 26. Qxd6
Bxa4 27. Rd4 Qc7 28. Qxc7 Rxc7 29. Bd5+ Nxd5 30. Rxa4 b6 31. Rd4 Ne7 32. g4
Rf8 33. Rd6 Nc6 34. Nd2 Rf4 35. g5 Rf5 36. Ne4 Kf7 37. Rdd1 Re5 38. Rf1+
Ke7 39. Nf6 Ke6 40. Nxh7 Re2 41. Nf8+ Ke5 42. Nxg6+ 1-0

[Event "ch-CHN w"]
[Site "Xinghua Jiangsu CHN"]
[Date "2009.05.26"]
[Round "1"]
[White "Wang Jue"]
[Black "Ding Yixin"]
[Result "0-1"]
[WhiteElo "2162"]
[BlackElo "2281"]
[EventDate "2009.05.26"]

1. e4 c5 2. Nf3 d6 3. d4 cxd4 4. Qxd4 a6 5. c4 Nc6 6. Qe3 g6 7. h3 Bg7 8.
Be2 Nf6 9. O-O O-O 10. Rd1 Bd7 11. Nc3 Rc8 12. Rb1 Qc7 13. b3 Rfd8 14. Bb2
e6 15. Na4 Be8 16. Nb6 Rb8 17. Na4 b5 18. cxb5 axb5 19. Nc3 Qa5 20. b4 Nxb4
21. Nd4 d5 22. e5 Ne4 23. Nxe4 dxe4 24. Bc3 Bf8 25. Qd2 Qxa2 26. Bxb4 Qxd2
27. Rxd2 Rd5 28. Bxf8 Kxf8 29. Rb4 Rxe5 30. Rc2 e3 31. Rc7 Rd8 32. fxe3
Rxe3 33. Bf3 e5 34. Nc6 Rd6 35. Rc8 Rxf3 36. gxf3 Rxc6 37. Rb8 Rc5 38. Kf2
Ke7 39. Ke3 Rc3+ 40. Ke2 Bc6 41. Rb6 h5 42. Kd2 Rc5 43. Ke3 Kd6 44. f4
exf4+ 45. Rxf4 f5 46. h4 Re5+ 47. Kd4 Rd5+ 48. Ke3 Kc5 49. Rb8 Re5+ 50. Kf2
Be4 51. Kg3 Rd5 52. Rf2 Bd3 53. Kf4 Kc4 54. Rg2 Rd4+ 55. Ke3 f4+ 56. Kf2
Bf5 57. Kg1 b4 58. Ra2 Kc3 59. Ra6 b3 60. Rab6 Bc2 61. Kf2 Kd2 62. Kf3 Bd1+
63. Kf2 Bc2 64. Kf3 Ke1 65. Rf6 Bd1+ 66. Kg2 f3+ 67. Kh3 f2 68. Re8+ 0-1

[Event "ch-CHN w"]
[Site "Xinghua Jiangsu CHN"]
[Date "2009.05.26"]
[Round "1"]
[White "Wang Xiaohui"]
[Black "Zhang Jilin"]
[Result "1/2-1/2"]
[WhiteElo "2265"]
[BlackElo "2335"]
[EventDate "2009.05.26"]

1. d4 Nf6 2. c4 g6 3. g3 Bg7 4. Bg2 d5 5. cxd5 Nxd5 6. Nf3 O-O 7. O-O Nc6
8. Nc3 Nb6 9. d5 Na5 10. Bg5 c6 11. e4 cxd5 12. Nxd5 Nxd5 13. exd5 h6 14.
Bf4 Nc4 15. Rc1 Nd6 16. Re1 Bg4 17. Qb3 Bxf3 18. Bxf3 Qd7 19. Rc2 Rfe8 20.
Rce2 Rad8 21. Be5 Rc8 22. Bg4 Qxg4 23. Bxd6 Rc1 24. Kg2 Rxe1 25. Rxe1 Qd7
26. Bb4 Bf6 27. Bc3 Bxc3 28. bxc3 b5 29. c4 bxc4 30. Qxc4 Rd8 31. Re5 Qd6
32. Qe4 Rd7 33. h4 h5 34. g4 hxg4 35. Rg5 Qf6 36. Rxg4 Kf8 37. Rg5 Rd6 38.
Qe3 Ra6 39. a3 Ra4 40. Kg3 Qd6+ 41. Kg2 Rxa3 42. Qc1 Ra4 43. h5 Qd7 44. Qb2
f6 45. Qb8+ Qe8 46. Qxe8+ Kxe8 47. Rxg6 Kf7 48. Rg3 Rd4 49. h6 Rxd5 50. h7
Rh5 51. Ra3 Rxh7 52. Rxa7 Rh5 53. Kf3 Rd5 54. Ke3 Rb5 55. Kf4 Rd5 56. Kf3
Rd4 57. Ke3 Rb4 58. Kf3 f5 59. Ra5 Kf6 60. Ra6+ e6 61. Ra5 Rb3+ 62. Kg2 e5
63. Rc5 e4 64. Rc8 Kg5 65. Kf1 Rb2 66. Rc4 Rd2 67. Ra4 Kf4 68. Kg2 Re2 69.
Rb4 Kg4 70. Kf1 Kf3 71. Rb3+ e3 72. fxe3 Rxe3 73. Rb2 Ra3 74. Rf2+ Ke4 75.
Re2+ Re3 76. Ra2 Rb3 77. Kf2 f4 1/2-1/2

[Event "ch-CHN w"]
[Site "Xinghua Jiangsu CHN"]
[Date "2009.05.27"]
[Round "2"]
[White "Ding Yixin"]
[Black "Zhao Xue"]
[Result "0-1"]
[WhiteElo "2281"]
[BlackElo "2531"]
[EventDate "2009.05.26"]

1. e4 c5 2. Nf3 d6 3. d4 cxd4 4. Nxd4 Nf6 5. Nc3 e6 6. Be2 Be7 7. O-O Nc6
8. f4 O-O 9. Kh1 Bd7 10. Nb3 a5 11. a4 Nb4 12. Bf3 e5 13. Be3 Qc7 14. Rf2
Bc6 15. Rd2 b6 16. Nb5 Qb7 17. c3 Na6 18. Nxd6 Bxd6 19. Rxd6 exf4 20. Nd4
Bxe4 21. Bxf4 Rad8 22. Nc6 Rxd6 23. Qxd6 Re8 24. Rd1 Nc5 25. Bg5 Bxf3 26.
gxf3 Nce4 27. fxe4 Nxe4 28. Qd7 Qxd7 29. Rxd7 Nxg5 30. Rb7 g6 31. Rxb6 Re4
32. Rb5 Rg4 33. Ne5 Rxa4 34. Nxg6 Ne6 35. Ne7+ Kg7 36. Kg2 Ra2 37. Kg3 a4
38. Nd5 a3 39. bxa3 Rxa3 40. Kg4 Ra1 41. Rb2 Rd1 42. Ne3 Rd3 43. Nf5+ Kf6
44. Ng3 Kg6 45. Ne2 f5+ 46. Kh4 Re3 47. Rd2 Kf6 48. Ng3 Rxc3 49. Rf2 Rc4+
50. Kh3 Nf4+ 0-1

[Event "ch-CHN w"]
[Site "Xinghua Jiangsu CHN"]
[Date "2009.05.27"]
[Round "2"]
[White "Gu Xiaobing"]
[Black "Xu Tong"]
[Result "1-0"]
[WhiteElo "2336"]
[BlackElo "2231"]
[EventDate "2009.05.26"]

1. e4 c5 2. Nc3 d6 3. f4 g6 4. Nf3 Bg7 5. Bc4 e6 6. O-O Nc6 7. Qe1 Nge7 8.
d3 O-O 9. f5 d5 10. Bb3 dxe4 11. dxe4 exf5 12. Qh4 Nd4 13. Bg5 Nxf3+ 14.
gxf3 Qd4+ 15. Kh1 Nc6 16. Rad1 Qe5 17. Nd5 fxe4 18. fxe4 h5 19. Nf6+ Kh8
20. Nxh5 gxh5 21. Qxh5+ Kg8 22. Bxf7+ Rxf7 23. Qxf7+ Kh7 24. Qh5+ Kg8 25.
Qg6 Qe6 26. Bf6 Qg4 27. Qxg7+ Qxg7 28. Bxg7 Kxg7 29. Rd3 Ne5 30. Rg3+ Kh7
31. Rf8 a5 32. Rgg8 Ra6 33. Rxc8 Rb6 34. b3 Ng6 35. Rgd8 Re6 36. Rxc5 Rxe4
37. Rh5+ Kg7 38. Rd7+ Ne7 39. Kg2 b6 40. Kf3 Re6 41. Rh4 Kg6 42. Re4 Rf6+
43. Rf4 Re6 44. h4 Nc6 45. Rd5 Ne5+ 46. Kg3 Kh6 47. Re4 Rg6+ 48. Kf4 Nf7
49. Re7 Nd6 50. Ke5 1-0

[Event "ch-CHN w"]
[Site "Xinghua Jiangsu CHN"]
[Date "2009.05.27"]
[Round "2"]
[White "Zhang Jilin"]
[Black "Tan Zhongyi"]
[Result "0-1"]
[WhiteElo "2335"]
[BlackElo "2436"]
[EventDate "2009.05.26"]

1. e4 d6 2. d4 Nf6 3. Nc3 g6 4. Nf3 Bg7 5. Be2 O-O 6. O-O c6 7. Bg5 h6 8.
Bh4 g5 9. Bg3 Nh5 10. Qd2 Nxg3 11. hxg3 Nd7 12. a4 a5 13. Rad1 Qb6 14. Nh2
e5 15. d5 Qxb2 16. Ng4 Qb4 17. Ne3 Nc5 18. Rb1 Nxe4 19. Nxe4 Qxe4 20. dxc6
bxc6 21. Qxd6 Be6 22. Bf3 Qxa4 23. Bxc6 Qd4 24. Qa3 Rac8 25. Bb7 Qc5 26.
Qa4 Rb8 27. Rb5 Qa7 28. Bc6 Rxb5 29. Bxb5 Rb8 30. Rd1 Qc5 31. c4 Qb4 32.
Qxb4 axb4 33. Rb1 Bf8 34. Nc2 Bf5 35. Rb2 Bxc2 36. Rxc2 Bc5 37. Rb2 Ra8 38.
Kf1 Ra3 39. Bc6 b3 40. Be4 Kf8 41. f4 Bd4 42. Rb1 b2 43. fxe5 Bxe5 44. g4
Rc3 45. Ke2 Rxc4 46. Bf5 Rc1 47. Kd2 Ke7 48. Bc2 Kd6 49. Kd3 Kc5 0-1

[Event "ch-CHN w"]
[Site "Xinghua Jiangsu CHN"]
[Date "2009.05.27"]
[Round "2"]
[White "Wang Jue"]
[Black "Wang Yu A"]
[Result "1/2-1/2"]
[WhiteElo "2162"]
[BlackElo "2364"]
[EventDate "2009.05.26"]

1. e4 e5 2. Nf3 Nc6 3. Bb5 a6 4. Ba4 Nf6 5. O-O Be7 6. Re1 b5 7. Bb3 d6 8.
c3 O-O 9. h3 Na5 10. Bc2 d5 11. d3 dxe4 12. dxe4 Qxd1 13. Rxd1 Bb7 14. Nbd2
Rfd8 15. Re1 Nd7 16. b4 Nc6 17. a4 h6 18. Nf1 bxa4 19. Bxa4 a5 20. Bxc6
Bxc6 21. bxa5 Bc5 22. N3d2 f6 23. Nc4 Nb6 24. Nb2 Nc8 25. Nd2 Nd6 26. Nd3
Nb7 27. Nb4 Bxb4 28. cxb4 Rd4 29. Rb1 Nd6 30. Nf3 Rc4 31. Be3 Bxe4 32. Rb2
Bxf3 33. gxf3 Nf5 34. Bd2 Nd4 35. Kg2 c6 36. Re4 Kf7 37. f4 exf4 38. Bxf4
f5 39. Re1 Nc2 1/2-1/2

[Event "ch-CHN w"]
[Site "Xinghua Jiangsu CHN"]
[Date "2009.05.28"]
[Round "3"]
[White "Wang Xiaohui"]
[Black "Wang Jue"]
[Result "1-0"]
[WhiteElo "2265"]
[BlackElo "2162"]
[EventDate "2009.05.26"]

1. d4 Nf6 2. c4 g6 3. g3 c5 4. d5 b5 5. cxb5 a6 6. bxa6 d6 7. Bg2 Bg7 8.
Nf3 Bxa6 9. Nc3 Nbd7 10. Rb1 O-O 11. b3 Qa5 12. Bd2 Rfb8 13. a4 Ng4 14. Qc1
c4 15. Nb5 c3 16. Bxc3 Bxc3+ 17. Nxc3 Rc8 18. b4 Qb6 19. O-O Bxe2 20. a5
Qa7 21. Qd2 Bxf1 22. Rxf1 Rc4 23. Nb5 Qb7 24. Nfd4 Nb8 25. Rb1 Na6 26. Bf1
Ne5 27. Bxc4 Nxc4 28. Qd3 Ne5 29. Qb3 Qd7 30. Nc3 Qg4 31. Nce2 Qe4 32. Rd1
Nxb4 33. Nc3 Qg4 34. Qxb4 Rc8 35. Nc6 Qxb4 36. Nxb4 Rxc3 37. Ra1 Rc8 38. a6
Kf8 39. a7 Ra8 40. f4 Nd7 41. Nc6 e6 42. Rb1 exd5 43. Rb8+ Nxb8 44. axb8=Q+
Rxb8 45. Nxb8 d4 46. Kf2 Ke7 47. Nc6+ Ke6 48. Nxd4+ Kd5 49. Ke3 Kc4 50. g4
d5 51. g5 Kc3 52. Nb5+ Kc4 53. Nd4 Kc3 54. Nf3 1-0

[Event "ch-CHN w"]
[Site "Xinghua Jiangsu CHN"]
[Date "2009.05.28"]
[Round "3"]
[White "Zhao Xue"]
[Black "Zhang Xiaowen"]
[Result "1-0"]
[WhiteElo "2531"]
[BlackElo "2340"]
[EventDate "2009.05.26"]

1. d4 Nf6 2. c4 g6 3. Nc3 Bg7 4. e4 d6 5. Nf3 O-O 6. Be2 e5 7. O-O Nc6 8.
d5 Ne7 9. Nd2 a5 10. a3 Bd7 11. b3 c6 12. Ra2 Qb8 13. Rc2 cxd5 14. cxd5 b5
15. a4 b4 16. Nb5 Ne8 17. Re1 f5 18. Bf1 Kh8 19. Bb2 Nf6 20. Nxd6 Qxd6 21.
Nc4 Qb8 22. Bxe5 Qd8 23. Bxf6 Bxf6 24. e5 Bg7 25. e6 Bxa4 26. bxa4 Qxd5 27.
Rd2 Qc5 28. Rd7 Bf6 29. Nd6 Rab8 30. Bc4 Rb6 31. Bb3 Rc6 32. g3 Qb6 33. Nc4
Qa6 34. Rxe7 Bxe7 35. Qd7 Rxc4 36. Bxc4 Qxc4 37. Qxe7 Kg8 38. Qd7 Qc8 39.
Qb5 Qc3 40. Kf1 Qf3 41. Kg1 Qc3 42. Re3 Qc1+ 43. Kg2 f4 44. gxf4 Qc8 45. e7
Re8 46. f5 gxf5 47. Qd5+ Kg7 48. Re6 Qc3 49. Qxf5 b3 50. Qg5+ Kf7 51. Qf5+
Kg7 52. Re3 Qc6+ 53. Rf3 Qg6+ 54. Rg3 Kg8 1-0

[Event "ch-CHN w"]
[Site "Xinghua Jiangsu CHN"]
[Date "2009.05.28"]
[Round "3"]
[White "Xu Tong"]
[Black "Zhang Jilin"]
[Result "1/2-1/2"]
[WhiteElo "2231"]
[BlackElo "2335"]
[EventDate "2009.05.26"]

1. e4 c5 2. Nf3 d6 3. d4 cxd4 4. Nxd4 Nf6 5. Nc3 a6 6. Bg5 e6 7. f4 Qb6 8.
Qd2 Qxb2 9. Rb1 Qa3 10. f5 Nc6 11. fxe6 fxe6 12. Nxc6 bxc6 13. Be2 Be7 14.
O-O O-O 15. Rb3 Qc5+ 16. Be3 Qe5 17. Bf4 Qc5+ 18. Be3 Qe5 19. Bf4 Qc5+
1/2-1/2

[Event "ch-CHN w"]
[Site "Xinghua Jiangsu CHN"]
[Date "2009.05.28"]
[Round "3"]
[White "Wang Yu A"]
[Black "Ding Yixin"]
[Result "1/2-1/2"]
[WhiteElo "2364"]
[BlackElo "2281"]
[EventDate "2009.05.26"]

1. e4 c5 2. Nf3 d6 3. d4 cxd4 4. Nxd4 Nf6 5. Nc3 a6 6. Be3 e5 7. Nb3 Be6 8.
Qd2 Nbd7 9. f4 b5 10. f5 Bc4 11. O-O-O Rc8 12. Kb1 Nb6 13. h3 Be7 14. g4
Na4 15. Nxa4 bxa4 16. Bxc4 Rxc4 17. Na5 Rxe4 18. g5 Nh5 19. Nc6 Qc7 20.
Nxe7 Qxe7 21. Qd3 Rb4 22. f6 gxf6 23. gxf6 Nxf6 24. Qxa6 Ne4 25. Qc6+ Qd7
26. Qa8+ Qd8 27. Qc6+ Qd7 28. Qa8+ Qd8 1/2-1/2

[Event "ch-CHN w"]
[Site "Xinghua Jiangsu CHN"]
[Date "2009.05.28"]
[Round "3"]
[White "Tan Zhongyi"]
[Black "Ju Wenjun"]
[Result "1/2-1/2"]
[WhiteElo "2436"]
[BlackElo "2454"]
[EventDate "2009.05.26"]

1. d4 Nf6 2. Nf3 g6 3. Bf4 Bg7 4. e3 O-O 5. Be2 d6 6. O-O c5 7. Nbd2 Nc6 8.
c3 Re8 9. dxc5 dxc5 10. e4 h6 11. h3 Be6 12. Qc2 Qc8 13. Rfd1 b6 14. Nf1
Qb7 15. Ne3 Red8 16. Qa4 a6 17. Rxd8+ Nxd8 18. Nd2 Bd7 19. Qc2 Bc6 20. f3
Ne6 21. Bg3 b5 22. a4 c4 23. Bf2 Nd7 24. Bf1 Ndc5 25. axb5 axb5 26. Rxa8+
Qxa8 27. b3 cxb3 28. Nxb3 Nxb3 29. Qxb3 Qa1 30. Nd5 Bxd5 31. exd5 Nf8 32.
Qxb5 Bxc3 33. Qc4 Bf6 34. Kh2 Be5+ 35. Kg1 g5 36. h4 Ng6 37. hxg5 hxg5 38.
g3 Bf6 39. Kg2 Qb2 40. Qe4 Kg7 41. Bd3 Qd2 42. Kg1 Qc1+ 43. Kg2 Qd2 44. Kg1
Qc1+ 1/2-1/2

[Event "ch-CHN w"]
[Site "Xinghua Jiangsu CHN"]
[Date "2009.05.29"]
[Round "4"]
[White "Gu Xiaobing"]
[Black "Zhao Xue"]
[Result "1/2-1/2"]
[WhiteElo "2336"]
[BlackElo "2531"]
[EventDate "2009.05.26"]

1. e4 c5 2. Nf3 e6 3. d4 cxd4 4. Nxd4 Nf6 5. Bd3 Nc6 6. Nxc6 dxc6 7. O-O e5
8. Nd2 Bg4 9. Qe1 Nd7 10. Nc4 Be6 11. Qe2 Be7 12. b3 O-O 13. Bb2 Qc7 14. a4
Rfe8 15. Rfe1 Rad8 16. Qh5 f6 17. Re3 Nc5 18. Nxe5 Bd6 19. Ng4 Bxg4 20.
Qxg4 Nxd3 21. Rxd3 Bxh2+ 22. Kh1 Be5 23. Rxd8 Rxd8 24. Qe6+ Qf7 25. Qxf7+
Kxf7 26. Bxe5 fxe5 27. Kg1 Rd2 28. Rc1 Re2 29. f3 Ke7 30. Kh2 a5 31. Kh3
Rd2 32. c4 Rd3 33. Rb1 Kd6 34. Kg4 Rd2 35. Kf5 Rxg2 36. Rd1+ Ke7 37. Kxe5
h5 38. Rh1 Rg3 39. Kf4 Rg2 40. Rxh5 Rb2 41. Rxa5 Rxb3 42. Ra7 Kf6 43. a5
Rb4 44. Ke3 c5 45. f4 g5 46. Kf3 gxf4 47. Kxf4 Ke6 48. a6 1/2-1/2

[Event "ch-CHN w"]
[Site "Xinghua Jiangsu CHN"]
[Date "2009.05.29"]
[Round "4"]
[White "Ju Wenjun"]
[Black "Xu Tong"]
[Result "1-0"]
[WhiteElo "2454"]
[BlackElo "2231"]
[EventDate "2009.05.26"]

1. Nf3 Nf6 2. c4 g6 3. d4 Bg7 4. g3 O-O 5. Bg2 d6 6. O-O Nbd7 7. Nc3 e5 8.
e4 Re8 9. h3 h6 10. Rb1 a5 11. b3 exd4 12. Nxd4 Nc5 13. Re1 Nh7 14. Bb2 Ng5
15. h4 Nh3+ 16. Kf1 d5 17. Nxd5 c6 18. Nf5 Bxb2 19. Nfe7+ Kg7 20. Rxb2 cxd5
21. Qd4+ f6 22. e5 Ne4 23. Nxd5 Nxg3+ 24. fxg3 fxe5 25. Rxe5 Rxe5 26. Qxe5+
Kf7 27. Re2 Ra6 28. Qe7+ Qxe7 29. Rxe7+ Kf8 30. Rc7 Bf5 31. Rxb7 Re6 32.
Bxh3 Bxh3+ 33. Kf2 Bg4 34. Nf4 Rf6 35. Rb5 a4 36. bxa4 Bd7 37. Ra5 Rb6 38.
Ke3 Rb2 39. Nxg6+ Kg8 40. Ra8+ Kg7 41. Ra7 Kxg6 42. Rxd7 Rxa2 43. c5 Rxa4
44. c6 Rc4 45. c7 Kh5 46. Kd3 Rc1 47. Ke4 Kg4 48. Rg7+ Kh5 49. Rh7 Kg4 50.
Kd5 Kxg3 51. Kd6 Rd1+ 52. Ke7 Rc1 53. Kd8 Rd1+ 54. Rd7 Rc1 55. h5 Kg4 56.
Rd5 1-0

[Event "ch-CHN w"]
[Site "Xinghua Jiangsu CHN"]
[Date "2009.05.29"]
[Round "4"]
[White "Wang Yu A"]
[Black "Wang Xiaohui"]
[Result "1/2-1/2"]
[WhiteElo "2364"]
[BlackElo "2265"]
[EventDate "2009.05.26"]

1. e4 c5 2. Nf3 e6 3. d4 cxd4 4. Nxd4 Nf6 5. Nc3 d6 6. Bd3 a6 7. Qe2 Be7 8.
O-O O-O 9. a4 Qc7 10. Kh1 Nbd7 11. f4 b6 12. Bd2 Bb7 13. Rae1 Nc5 14. f5
Nfd7 15. fxe6 fxe6 16. Bc4 Bf6 17. Nxe6 Nxe6 18. Bxe6+ Kh8 19. Nd5 Bxd5 20.
Bxd5 Rab8 21. c3 b5 22. axb5 axb5 23. g4 Nb6 24. Bb3 Nc4 25. Bc1 Qc6 26. g5
Be5 27. Qg2 g6 28. Bc2 Kg7 29. Rxf8 Rxf8 30. Rf1 Rxf1+ 31. Qxf1 Qc5 32. Qg1
Qc7 33. Bd3 Qd7 34. Qg2 Qa7 35. Qg1 Qa1 36. Bxc4 bxc4 37. Be3 Qxb2 38. Bd4
Qb7 39. Bxe5+ dxe5 40. Qe3 Qb1+ 1/2-1/2

[Event "ch-CHN w"]
[Site "Xinghua Jiangsu CHN"]
[Date "2009.05.29"]
[Round "4"]
[White "Ding Yixin"]
[Black "Zhang Xiaowen"]
[Result "1-0"]
[WhiteElo "2281"]
[BlackElo "2340"]
[EventDate "2009.05.26"]

1. e4 e6 2. d4 d5 3. Nc3 Nf6 4. Bg5 Bb4 5. e5 h6 6. Bd2 Bxc3 7. bxc3 Ne4 8.
Qg4 Kf8 9. Bd3 Nxd2 10. Kxd2 Qg5+ 11. Qxg5 hxg5 12. Nh3 g4 13. Nf4 g5 14.
Ne2 c5 15. Ng3 Nc6 16. Ke3 Bd7 17. Rab1 b6 18. h3 gxh3 19. Rxh3 Rxh3 20.
gxh3 cxd4+ 21. cxd4 f5 22. exf6 Kf7 23. Nh5 e5 24. dxe5 Nxe5 25. Rg1 Rg8
26. Rg3 Be6 27. Bb5 g4 28. hxg4 Nxg4+ 29. Kd4 Rh8 30. Nf4 Nxf6 31. Rc3 Ne4
32. Rc7+ Kf6 33. Nxd5+ Bxd5 34. Kxd5 Nxf2 35. Rxa7 Rc8 36. c4 Nd3 37. Ra3
Ne5 38. Ra6 Rd8+ 39. Ke4 Nd7 40. Bxd7 Rxd7 41. c5 Ke7 42. cxb6 Kd6 43. Ra7
Rd8 44. a4 Kc6 45. a5 Rd1 46. Rc7+ Kd6 47. a6 Rb1 48. a7 Rxb6 49. Rc8 1-0

[Event "ch-CHN w"]
[Site "Xinghua Jiangsu CHN"]
[Date "2009.05.29"]
[Round "4"]
[White "Wang Jue"]
[Black "Tan Zhongyi"]
[Result "0-1"]
[WhiteElo "2162"]
[BlackElo "2436"]
[EventDate "2009.05.26"]

1. e4 d6 2. d4 Nf6 3. Nc3 g6 4. Nf3 Bg7 5. h3 O-O 6. Be3 c6 7. a4 a5 8. Nd2
Na6 9. Be2 Nb4 10. O-O Re8 11. Ncb1 e5 12. c3 exd4 13. Bxd4 Na6 14. Bf3 Be6
15. Na3 Nd7 16. Ndc4 Ne5 17. Be2 Nxc4 18. Bxc4 Bxd4 19. Qxd4 Nc5 20. Rae1
Qh4 21. f4 Rad8 22. e5 Bxh3 23. gxh3 Qg3+ 24. Kh1 Qxh3+ 25. Kg1 dxe5 26.
Qxc5 Qg3+ 27. Kh1 Rd2 28. Re2 Qh3+ 29. Kg1 Qg4+ 30. Kf2 exf4 31. Rfe1 f3
32. Kf1 fxe2+ 33. Kf2 Qh4+ 0-1

[Event "ch-CHN w"]
[Site "Xinghua Jiangsu CHN"]
[Date "2009.05.30"]
[Round "5"]
[White "Xu Tong"]
[Black "Wang Jue"]
[Result "1-0"]
[WhiteElo "2231"]
[BlackElo "2162"]
[EventDate "2009.05.26"]

1. e4 c5 2. Nf3 d6 3. d4 cxd4 4. Nxd4 Nf6 5. Nc3 a6 6. g3 e5 7. Nb3 Be7 8.
Bg2 O-O 9. O-O b5 10. a3 Bb7 11. Re1 Nbd7 12. Bg5 Rc8 13. Nd2 Rc5 14. Nf1
Qa8 15. Ne3 g6 16. Ng4 Qd8 17. Ne3 Qb8 18. h4 Bd8 19. Qd2 Rxc3 20. Qxc3
Nxe4 21. Qb4 Bb6 22. Bxe4 Bc5 23. Qb3 Bxe4 24. Nd5 Bxd5 25. Qxd5 Nb6 26.
Qf3 Qa8 27. Qxa8 Rxa8 28. Be3 Rc8 29. Bxc5 Rxc5 30. Rad1 d5 31. Rxe5 Rxc2
32. b3 Ra2 33. Rc1 Rxa3 34. Rc6 Nc4 35. bxc4 dxc4 36. Rec5 h5 37. Kf1 Ra2
38. Rb6 Rc2 39. Rbc6 Ra2 40. Ke1 b4 41. Rxc4 a5 42. Rb6 Kg7 43. Rf4 Ra1+
44. Kd2 Ra2+ 45. Kc1 Kg8 46. Rb8+ Kg7 47. Rb7 1-0

[Event "ch-CHN w"]
[Site "Xinghua Jiangsu CHN"]
[Date "2009.05.30"]
[Round "5"]
[White "Wang Xiaohui"]
[Black "Ding Yixin"]
[Result "0-1"]
[WhiteElo "2265"]
[BlackElo "2281"]
[EventDate "2009.05.26"]

1. d4 d5 2. Nf3 Nf6 3. c4 dxc4 4. Qa4+ c6 5. Qxc4 Bf5 6. Nc3 e6 7. g3 Be7
8. Bg2 O-O 9. O-O Nbd7 10. Rd1 Rc8 11. Qb3 Qb6 12. Qxb6 axb6 13. Nh4 Bg4
14. h3 Bh5 15. g4 Bg6 16. Nxg6 hxg6 17. e4 Rfd8 18. Be3 b5 19. d5 b4 20.
dxe6 fxe6 21. Ne2 Nc5 22. f3 Nd3 23. b3 Nb2 24. Rdb1 Nd3 25. Bf1 e5 26. Ng3
b5 27. Rd1 Bc5 28. Rxd3 Rxd3 29. Bxc5 Rxf3 30. Kg2 Rxg3+ 31. Kxg3 Nxe4+ 32.
Kf3 Nxc5 33. Ke3 Rd8 34. Rc1 Rd5 35. Bg2 Rd3+ 36. Ke2 Rc3 37. Rxc3 bxc3 38.
Bxc6 c2 39. Kd2 Nd3 40. Bd5+ Kf8 41. Kxc2 Nb4+ 42. Kd2 Nxd5 43. a4 bxa4 44.
bxa4 Nb6 45. Kd3 Nxa4 46. Ke4 Nc5+ 47. Kxe5 Nd3+ 0-1

[Event "ch-CHN w"]
[Site "Xinghua Jiangsu CHN"]
[Date "2009.05.30"]
[Round "5"]
[White "Tan Zhongyi"]
[Black "Wang Yu A"]
[Result "1-0"]
[WhiteElo "2436"]
[BlackElo "2364"]
[EventDate "2009.05.26"]

1. d4 d5 2. c4 c6 3. Nf3 Nf6 4. Nc3 dxc4 5. a4 Bf5 6. Ne5 e6 7. f3 Bb4 8.
e4 Bxe4 9. fxe4 Nxe4 10. Bd2 Qxd4 11. Nxe4 Qxe4+ 12. Qe2 Bxd2+ 13. Kxd2
Qd5+ 14. Kc2 Na6 15. Nxc4 O-O 16. Qe5 Rab8 17. Be2 Nb4+ 18. Kb3 b5 19. axb5
Rxb5 20. Qxd5 cxd5 21. Ka4 Rbb8 22. Na3 Nc6 23. Bb5 Nd4 24. b4 Rb6 25. Bd3
Rfb8 26. Rab1 e5 27. Rhd1 a6 28. Nc2 Nc6 29. Be2 d4 30. Bf3 f5 31. Bxc6
Rxc6 32. Ne1 Kf7 33. Nd3 Ke6 34. g4 g6 35. Rf1 Rc2 36. gxf5+ gxf5 37. Rbe1
e4 38. Nc5+ Kd5 39. Nxa6 Ra2+ 40. Kb3 Rxa6 41. Rxf5+ Kc6 42. Rxe4 Ra1 43.
Rc5+ Kb6 44. Rxd4 Rba8 45. Rd6+ Kb7 46. Rh5 Rb1+ 47. Kc4 Ra4 48. Rxh7+ Kc8
49. Rb6 1-0

[Event "ch-CHN w"]
[Site "Xinghua Jiangsu CHN"]
[Date "2009.05.30"]
[Round "5"]
[White "Zhao Xue"]
[Black "Zhang Jilin"]
[Result "1-0"]
[WhiteElo "2531"]
[BlackElo "2335"]
[EventDate "2009.05.26"]

1. d4 Nf6 2. c4 g6 3. Nc3 d5 4. Qb3 dxc4 5. Qxc4 Bg7 6. e4 O-O 7. Be2 Na6
8. Nf3 c5 9. d5 e6 10. O-O exd5 11. exd5 Re8 12. Rd1 Bf5 13. d6 Nb4 14. Bg5
h6 15. Bh4 b6 16. Qf4 Bc2 17. Rd2 Nh5 18. Qc4 g5 19. Nxg5 hxg5 20. Bxh5 Re6
21. Bg3 Qe8 22. Rf1 Bf5 23. d7 Qe7 24. Bc7 Bd4 25. Bf3 Rf8 26. Rxd4 cxd4
27. Qxd4 Bd3 28. d8=Q Rxd8 29. Bxd8 Qe8 30. Nd5 Qxd8 31. Rc1 Nxa2 32. Ne7+
Qxe7 33. Rc8+ Qe8 34. Rxe8+ Rxe8 35. h4 Nc1 36. h5 Re6 37. Kh2 Be2 38. Bd5
Rh6 39. g4 Nd3 40. Qc3 1-0

[Event "ch-CHN w"]
[Site "Xinghua Jiangsu CHN"]
[Date "2009.05.30"]
[Round "5"]
[White "Zhang Xiaowen"]
[Black "Gu Xiaobing"]
[Result "1-0"]
[WhiteElo "2340"]
[BlackElo "2336"]
[EventDate "2009.05.26"]

1. e4 c5 2. Nf3 d6 3. d4 cxd4 4. Nxd4 Nf6 5. Nc3 a6 6. Be2 e5 7. Nb3 Be7 8.
O-O O-O 9. Be3 Be6 10. Qd2 Nc6 11. Bf3 a5 12. Rfd1 a4 13. Nc1 a3 14. b3 Nb4
15. Nd3 Nxd3 16. Qxd3 Bd7 17. Bg5 Qa5 18. Bxf6 Bxf6 19. Nd5 Bd8 20. Ne3 Be6
21. Qxd6 Bb6 22. Qd2 Bd4 23. Qxa5 Rxa5 24. Rac1 Bb2 25. Rb1 b5 26. Bg4 Rc8
27. Bxe6 fxe6 28. c4 Bd4 29. b4 Ra7 30. c5 Rf8 31. Rb3 Rf4 32. f3 g5 33. h3
h5 34. Kf1 Bxe3 35. Rxe3 g4 36. Kf2 gxh3 37. gxh3 Rh4 38. Kg3 Rf4 39. Kf2
Rh4 40. Rd8+ Kf7 41. Kg3 Rf4 42. Rc3 h4+ 43. Kf2 Ke7 44. Rb8 Rf8 45. Rxb5
Rd8 46. Rc2 Rad7 47. Ke2 Rg8 48. Ke3 Rd1 49. c6 Re1+ 50. Kd3 Rd1+ 51. Kc4
Kd6 52. Rc5 Kc7 53. Rxe5 Kxc6 54. Rxe6+ Kd7 55. Re5 Rh1 56. Rd2+ Kc7 57.
Re7+ Kb8 58. Rd3 Rxh3 59. Rxa3 Rh8 60. e5 Rg3 61. Raa7 Rc8+ 62. Kb5 Rd8 63.
Reb7+ Kc8 64. Rh7 Kb8 65. Rab7+ Ka8 66. Rbf7 h3 67. e6 Rg5+ 68. Kc6 Rc8+
69. Kb6 1-0

[Event "ch-CHN w"]
[Site "Xinghua Jiangsu CHN"]
[Date "2009.06.01"]
[Round "6"]
[White "Wang Xiaohui"]
[Black "Tan Zhongyi"]
[Result "1/2-1/2"]
[WhiteElo "2265"]
[BlackElo "2436"]
[EventDate "2009.05.26"]

1. d4 Nf6 2. c4 g6 3. g3 Bg7 4. Bg2 c6 5. Nc3 d5 6. cxd5 cxd5 7. Nf3 O-O 8.
Ne5 e6 9. O-O Nfd7 10. f4 Nc6 11. Be3 Nb6 12. Bf2 f6 13. Nf3 Nc4 14. e4
Nxb2 15. Qc2 Nc4 16. exd5 exd5 17. Nxd5 Be6 18. Nc3 Re8 19. d5 Nb4 20. Qb3
Nxd5 21. Nxd5 Bxd5 22. Nh4 Ne3 23. Bxd5+ Qxd5 24. Rfe1 Qxb3 25. axb3 f5 26.
Rac1 Nd5 27. Rxe8+ Rxe8 28. Bxa7 Nc3 29. Kf1 Ra8 30. Bc5 Ra2 31. Nf3 Rb2
1/2-1/2